000
00292nam a22001337a 4500
008
181023b xxu||||| |||| 00| 0 eng d
020
_a
9780781795180
041
_a
eng
080
_a
610.73
100
_a
2
101
_a
INF
245
_a
Clinical Nursing Skills
_c
Lynn, P
942
_2
udc
_c
BK
999
_c
50622
_d
50622